Tributos municipales en actuaciones urbanísticas : (tasa por licencia de obras e impuesto de construcciones) / Lorenzo Barea Vidiella (tasa por licencia de obras e impuesto de construcciones) / Lorenzo Barea Vidiella
ISBN:
84-87708-18-8
Descripción Física:
174 p. ; 20 cm
MARC
| LEADER | 00000nam a2200000Ia 4500 | ||
|---|---|---|---|
| 001 | 18376 | ||
| 008 | 160829s1991 xx 000 0 cat d | ||
| 020 | |a 84-87708-18-8 | ||
| 080 | |a M-5-317 | ||
| 100 | |a Barea Vidiella, Lorenzo |9 23069 | ||
| 245 | |a Tributos municipales en actuaciones urbanísticas : |b (tasa por licencia de obras e impuesto de construcciones) / Lorenzo Barea Vidiella | ||
| 260 | |a Granada : |b Comares, |c 1991 | ||
| 300 | |a 174 p. ; |c 20 cm | ||
| 650 | 0 | |a Impostos locals |z Espanya |9 22277 | |
| 650 | 0 | |a Impostos immobiliaris |y Espanya |9 23070 | |
| 901 | |a Arxiu | ||
| 942 | |n 1 | ||
| 952 | |0 0 |1 0 |4 0 |6 M5317 |7 1 |9 42523 |a Arxiu |b Arxiu |d 2016-12-01 |l 0 |o M-5-317 |p 18376 |r 2016-12-01 00:00:00 |w 2016-12-01 |y ARXIU | ||
| 999 | |c 45028 |d 45028 | ||